Basílica de Santa María sobre Minerva
Enregistré dans:
| Auteur principal: | |
|---|---|
| Format: | Livre |
| Langue: | espagnol |
| Publié: |
Roma
Padri Domenicani
1999
|
| Sujets: | |
| Tags: |
Ajouter un tag
Pas de tags, Soyez le premier à ajouter un tag!
|
MARC
| LEADER | 00000nam a2200000 a 4500 | ||
|---|---|---|---|
| 001 | UCM8922 | ||
| 003 | CL-VaPUC | ||
| 008 | 030404e19990000IT |||||||||||||||||spa|d | ||
| 082 | 0 | 4 | |a 726.5 |b GRO |2 21 |
| 100 | 0 | |a Grossi, I. P |e author |9 475228 | |
| 245 | 1 | 0 | |a Basílica de Santa María sobre Minerva |
| 300 | |a 48 p | ||
| 942 | |c BK | ||
| 945 | |d 20030404 00:00:00 |a cmena | ||
| 260 | |a Roma |b Padri Domenicani |c 1999 | ||
| 600 | 0 | 7 | |a BASILICA SANTA MARIA |2 CL-VaPUC |9 475229 |
| 650 | 7 | |a BASILICAS |2 CL-VaPUC |9 416140 | |
| 650 | 0 | |a Arte religioso |9 330545 | |
| 650 | 0 | |a Arquitectura religiosa |9 266677 | |
| 583 | |a last modification |c 20030404 00:00:00 |k Rodrigo Vera | ||
| 999 | |c 303337 |d 303335 | ||
| 952 | |0 0 |1 0 |4 0 |6 726_500000000000000_GRO_1999 |7 0 |8 A |9 364574 |a BIBHIS |b BIBHIS |d 2019-11-21 |i 3889750 |o 726.5 GRO 1999 |p 3889750 |r 2025-01-20 |w 2019-11-21 |y BK |k HIS | ||